000
00202nam a22001097a 4500
082
_a
821
_b
MAH/R
245
_a
RHYMES
260
_a
SIVAKASI
_b
MAHESH ARTS
300
_a
32
650
_a
RHYMES
942
_c
BK
999
_c
3905
_d
3905